Metódy a nástroje zlepšovania riadenia kvality v podnikových procesoch

Salvato in:
Dettagli Bibliografici
Autore principale: Oško, Pavol
Natura: Capitolo di libro
Lingua:slovacco
Tags: Aggiungi Tag
Nessun Tag, puoi essere il primo ad aggiungerne!!

MARC

LEADER 00000nla$a2200000$$$4500
001 0145212
005 20240502072617.7
041 0 |a slo 
044 |a SK 
245 1 0 |a Metódy a nástroje zlepšovania riadenia kvality v podnikových procesoch  |c Pavol Oško 
100 1 |a Oško, Pavol